000 00901nam a2200205Ii 4500
003 JO-AjNU
008 230605s9999||||xx |||||||||||||| ||und||
040 _aJO-AjNU
_bara
_erda
_cJO-AjNU
041 _aara
050 1 4 _aLC3965.G47 2008
100 3 _aغريفات،سحر مؤلف/الزعبي،محمدخالد م.مشارك/شواهين،خير م.مشارك,
_eauthor
_931118
245 0 0 _aخبرات علمية ومهارات عملية في تربية ذوي الإحتياجات الخاصة
250 _aط1
264 3 1 _aعمان:عالم الكتب الحديث،2008/عمان:جدارا للكتب العالمي،2008
300 _a264ص
336 _atext
_btxt
_2rdacontent
337 _aunmediated
_bn
_2rdamedia
338 _avolume
_bnc
_2rdacarrier
650 4 _a تربية خاصة-اطفال معوقون. المعوقون-تأهيل. المعوقون-تعليم.
_931119
999 _aA12412
_c15980
_d15980